• 首页
  • 本馆介绍
  • 公告通知
  • 最新文献
  • 馆藏检索
  • 电子资源
  • 读者导购
  • 参考咨询
  • 我的图书馆
  • 登录
  • 详细信息显示
  • 放入我的书架
  • 预约/预借图书
  • 作者相关作品
  • 分类相关作品
  • 丛书相关作品
  • 出版社相关作品

书目信息

  • 表格格式
  • 工作单格式
  • 卡片格式
题名:
图解微生物实验指南
    
 
作者: 哈雷 著 ;谢建平 译
分册:  
出版信息: 北京   科学出版社  2012
页数: 23,310页
开本: 26cm
丛书名: 生命科学实验指南系列
单 册:
中图分类: Q93-33 , Q93
科图分类:
主题词: 微生物学--实验--图解 , 微生物学
电子资源:
ISBN: 978-7-03-033147-2
000 01345oam2 2200337 450
001 2252510457
005 20220930143556.82
010    @a978-7-03-033147-2@dCNY96.00
100    @a20120417d2012 em y0chiy50 ea
101 1  @achi@ceng
102    @aCN@b110000
105    @aa z 000yy
200 1  @a图解微生物实验指南@9tu jie wei sheng wu shi yan zhi nan@dLaboratory exercises yn microbiology@f(美)J.P.哈雷(Harley, J.P.)著@g谢建平译@zeng
210    @a北京@c科学出版社@d2012
215    @a23,310页@c照片@d26cm@e1光盘
225 2  @a生命科学实验指南系列
300    @a“十一五”国家重点图书出版规划项目
305    @a据原书第7版译出
306    @a麦格劳-希尔(亚洲)教育出版公司和科学出版社合作出版
307    @a附光盘:ISBN 978-7-89445-577-2
330    @a本书分为11个部分,分别为显微镜技术、细菌形态和染色、基础实验室培养技术、细菌的生化活性、快速多参数检测系统、未知微生物鉴定、影响微生物生长的环境因子、环境和食品微生物、精选真核微生物概述、微生物遗传学和基因组学、科学调查。
461  0 @12001 @a生命科学实验指南系列
510 1  @aLaboratory exercises yn microbiology@zeng
606 0  @a微生物学@x实验@j图解
606 0  @a微生物学
690    @aQ93-33@v5
690    @aQ93@v4
701  0 @c(美)@a哈雷@9ha lei@c(Harley, J.P.)@4著
702  0 @a谢建平@9xie jian ping@4译
801  0 @aCN@b91MARC@c20130904
905    @aZUCC@dQ93@e70
    
    图解微生物实验指南=Laboratory exercises yn microbiology/(美)J.P.哈雷(Harley, J.P.)著/谢建平译.-北京:科学出版社,2012
    23,310页:照片;26cm+1光盘.-(生命科学实验指南系列)
    “十一五”国家重点图书出版规划项目
    
    ISBN 978-7-03-033147-2:CNY96.00
    本书分为11个部分,分别为显微镜技术、细菌形态和染色、基础实验室培养技术、细菌的生化活性、快速多参数检测系统、未知微生物鉴定、影响微生物生长的环境因子、环境和食品微生物、精选真核微生物概述、微生物遗传学和基因组学、科学调查。
●
相关链接 在五车中查询图书 在当当中查询图书 在豆瓣中查询图书


正题名:图解微生物实验指南     索取号:Q93/70         预约/预借

序号 登录号 条形码 馆藏地/架位号 状态 备注
1 2000908660   2000908660   第三书库/ [索取号:Q93/70] 在馆    
2 2000908661   2000908661   第三书库/ [索取号:Q93/70] 在馆    
3 2000908662   2000908662   第三书库/ [索取号:Q93/70] 在馆    
山东省滨州职业学院图书馆 欢迎您!
大连网信软件有限公司© 版权所有